000
00333nam a2200133Ia 4500
008
240624s9999 xx 000 0 und d
041
_a
eng
082
_a
658 CHO
100
_a
CHOUDHURY ARUP ROY
245
_a
MANAGEMENT BY IDIOTS
260
_c
2015
_a
New Delhi
_b
Tata McGraw-Hill
300
_a
116 : p. : cm. ; 20
365
_c
RS
_b
33
999
_c
25869
_d
25869